=LDR 00000nam 2200000 4500 =001 INLIS000000000036604 =005 20130612142400 =008 ***********************************ind** =035 ##$$0010-061300000036604 =041 ##$$a ind =082 ##$$a 651.3741 =090 ##$$a 651.3741, Sed t =100 ##$$a Sedarmayanti =245 ##$$a Tugas dan Pengembangan Sekretaris =260 ##$$a 2005 $b Bandung =300 ##$$a xvi, 224 hlm, ilus, 22 cm =650 ##$$a Pengembangan Sekretaris =850 ##$$a NBPNMAT